| 000 | 01679nam a2200241Ia 4500 | ||
|---|---|---|---|
| 008 | 260220t1957||||xx |||||||||||||| ||spa|| | ||
| 040 |
_aPY-SlUNAC _bspa _erda |
||
| 041 | _aspa | ||
| 082 |
_a638.1 _bF918lv |
||
| 100 |
_aFrisch, Karl V. _eAutor |
||
| 245 | 0 |
_aLa vida de las abejas / _cpor Karl V. Frisch [Autor] |
|
| 264 |
_aBarcelona : _bLabor, _c℗1957. |
||
| 300 | _a1 volumen | ||
| 520 | _aEn "La vida de las abejas", Karl V. Frisch ofrece un profundo estudio etológico sobre el comportamiento y la organización social de las abejas, centrándose en su comunicación, jerarquías y roles dentro de la colmena. A través de observaciones meticulosas, Frisch revela la complejidad de las interacciones entre las abejas obreras, las reinas y los zánganos, destacando su capacidad para realizar danzas comunicativas que indican la ubicación de fuentes de alimento. El autor también explora cómo la estructura social de las colmenas se adapta a las necesidades del entorno, enfatizando la cooperación y la especialización como claves para su supervivencia. Además, Frisch discute la importancia de las abejas en el ecosistema y su papel en la polinización, lo que subraya su valor no solo biológico, sino también económico. A través de su enfoque científico y observacional, Frisch sienta las bases para la comprensión contemporánea de la biología de las abejas y su relevancia en el medio ambiente. | ||
| 653 | _aAbejas | ||
| 653 | _aBiología | ||
| 653 | _aComportamiento animal | ||
| 942 |
_b2026/02/17 _cBK |
||
| 999 |
_c8707 _d8707 |
||